El modelo de gobierno peruano : (Registro nro. 25517)

Detalles MARC
000 -Cabecera
Campo de control interno 00907nam a22002537a 4500
005 - Fecha y hora del registro
control field 20260428111830.0
008 - Elementos de Longitud Fija
fixed length control field 260428b |||||||| |||| 00| 0 spa d
020 ## - ISBN
ISBN 9786124460722
041 ## - Idioma
Codigo Idioma ESP
082 ## - DEWEY y NOTACIÓN INTERNA
Dewey 321.8042
Notación Interna H44 V. 2
100 ## - AUTOR
Autor denominación Hernández Chávez, Pedro A.
Término de relación autor
245 ## - TÍTULO DE MATERIAL BIBLIOGRÁFICO
Título El modelo de gobierno peruano :
Título paralelo un neopresidencialismo disfuncional : sobre la necesidad de rediseñar nuestro régimen político
250 ## - EDICIÓN
Edición Primera edición
260 ## - CIUDAD, EDITORIAL, AÑO
Ciudad Lima :
Nombre de la Editorial Universidad de San Martín de Porres, Fondo Editorial,
Año 2025
300 ## - DESCRIPCIÓN
N° Páginas Páginas 395-1026 :
Dimensiones 25 cm.
440 ## - MENCIÓN DE SERIE
Título de la Serie ;
650 ## - TEMAS
Temas Ciencias Sociales
653 ## - DESCRIPTORES
Lenguajes no controlado Ciencia política; Sistemas de gobierno; Gobierno democrático; Gobierno presidencial
654 ## - PROGRAMAS
Programa Dpto. de Derecho y Ciencia Política
700 ## - OTROS AUTORES
Otros autores ;
856 ## - URL - UBICACIÓN
URI/URL: Enlace exacto del recurso <a href="https://itmsp.museknowledge.com/UCSP?groupID=2">https://itmsp.museknowledge.com/UCSP?groupID=2</a>
Nota pública: Versión digital <a href="Véase Biblioteca Digital">Véase Biblioteca Digital</a>
942 ## - ELEMENTOS DE KOHA
Tipo de documento Libro
Nombre del creador Justo Noguera
Código de catalogador Tania Ramirez
Suppress in OPAC No
Esquema de clasificación Dewey Decimal Classification
Existencias
Codigo completo Registro Colección Copia número Disponibilidad Tipo de préstamo Biblioteca Actual Procedencia (Biblioteca) Ubicacón Fecha Ingreso Tipo de Adquisición Observación Date last seen Total checkouts Price effective from Tipo de Item Estado del Material Fuente de Clasificación Damaged status Withdrawn status
321.8042 H44 V. 2 1088496 Universidad Católica San Pablo 1 No disponible Proceso Víctor Andrés Belaunde Víctor Andrés Belaunde Planta baja abierta 28/04/2026 Donación Rectorado 28/04/2026   28/04/2026 Libro Bueno Dewey Decimal Classification   Withdrawn